การศึกษากับการวิจัย เพื่ออนาคตของประเทศไทย (ระเบียนเลขที่ 5382)
| 000 -LEADER | |
|---|---|
| fixed length control field | 01444nam a22003137a 4500 |
| 005 - DATE AND TIME OF LATEST TRANSACTION | |
| control field | 20210325174940.0 |
| 008 - FIXED-LENGTH DATA ELEMENTS--GENERAL INFORMATION | |
| fixed length control field | s2539 th tha d |
| 020 ## - INTERNATIONAL STANDARD BOOK NUMBER | |
| International Standard Book Number | 9748196267 |
| 041 ## - LANGUAGE CODE | |
| Language code of text/sound track or separate title | tha |
| 050 ## - LIBRARY OF CONGRESS CALL NUMBER | |
| Classification number | LA1220 ก522 2539 |
| 245 10 - TITLE STATEMENT | |
| Title | การศึกษากับการวิจัย เพื่ออนาคตของประเทศไทย |
| 260 3# - PUBLICATION, DISTRIBUTION, ETC. | |
| Place of publication, distribution, etc. | กรุงเทพฯ : |
| Name of publisher, distributor, etc. | สำนักงานกองทุนสนับสนุนการวิจัย, |
| Date of publication, distribution, etc. | 2539 |
| 300 ## - PHYSICAL DESCRIPTION | |
| Extent | 350 หน้า ; |
| Other physical details | 26 ซม. |
| 650 04 - SUBJECT ADDED ENTRY--TOPICAL TERM | |
| Topical term or geographic name entry element | วิจัย |
| 650 04 - SUBJECT ADDED ENTRY--TOPICAL TERM | |
| Topical term or geographic name entry element | การพัฒนาการศึกษา |
| 650 04 - SUBJECT ADDED ENTRY--TOPICAL TERM | |
| Topical term or geographic name entry element | การศึกษา -- รวมเรื่อง |
| 650 04 - SUBJECT ADDED ENTRY--TOPICAL TERM | |
| Topical term or geographic name entry element | การศึกษากับการพัฒนาชนบท |
| 650 04 - SUBJECT ADDED ENTRY--TOPICAL TERM | |
| Topical term or geographic name entry element | การศึกษา -- วิจัย |
| 650 04 - SUBJECT ADDED ENTRY--TOPICAL TERM | |
| Topical term or geographic name entry element | การศึกษากับการพัฒนาชุมชน |
| 650 04 - SUBJECT ADDED ENTRY--TOPICAL TERM | |
| Topical term or geographic name entry element | การศึกษากับการวิจัย |
| 650 04 - SUBJECT ADDED ENTRY--TOPICAL TERM | |
| Topical term or geographic name entry element | การศึกษาขั้นมัธยม |
| 650 04 - SUBJECT ADDED ENTRY--TOPICAL TERM | |
| Topical term or geographic name entry element | สถาบันวิทยาศาสตร์ -- ไทย |
| 650 04 - SUBJECT ADDED ENTRY--TOPICAL TERM | |
| Topical term or geographic name entry element | สื่อมวลชนกับการศึกษา |
| 650 04 - SUBJECT ADDED ENTRY--TOPICAL TERM | |
| Topical term or geographic name entry element | โครงงานวิทยาศาสตร์ |
| 850 ## - HOLDING INSTITUTION | |
| Holding institution | NALT |
| 942 ## - ADDED ENTRY ELEMENTS (KOHA) | |
| Koha item type | General Book |
| 997 ## - | |
| -- | 000000000005382 |
| 998 ## - LOCAL CONTROL INFORMATION (RLIN) | |
| -- | JETANANARD SUWANDEE |
| Withdrawn status | Lost status | Damaged status | Not for loan | Collection code | Home library | Current library | Cost, normal purchase price | Total Checkouts | Full call number | Barcode | Date last seen | Copy number | Cost, replacement price | Price effective from | Koha item type |
|---|---|---|---|---|---|---|---|---|---|---|---|---|---|---|---|
| General Book collection | National Assembly Library of Thailand | National Assembly Library of Thailand | 400.00 | LA 1220 ก522 2539 | 3961107792 | 09/06/2017 | ฉ. 1 | 450.00 | 09/06/2017 | General Book | |||||
| General Book collection | National Assembly Library of Thailand | National Assembly Library of Thailand | 400.00 | LA 1220 ก522 2539 | 3961144875 | 09/06/2017 | ฉ. 2 | 450.00 | 09/06/2017 | General Book |
